000 00492nam a2200169Ia 4500
999 _c34852
_d34852
003 OSt
005 20200320110739.0
008 190216s9999||||xx |||||||||||||| ||und||
040 _coclc
082 _a320
_bNAI/P
100 _aNair, R Ramakrishnan
_92116
245 0 _aPolitical Ideas Of Swadesabhimani /
_c R Ramakrishnan Nair
260 _bThe Kerala Accademy,
_c1975.
300 _a41p
650 _aPolitical Science
942 _cBK
_2ddc
_h320
_iNAI/P
_k320
_mNAI/P